| 000 | 00369nam a2200145Ia 4500 | ||
|---|---|---|---|
| 005 | 20250405153927.0 | ||
| 008 | 240331s9999 xx 000 0 und d | ||
| 082 |
_bSIR _a894 |
||
| 245 | 0 |
_aSitpi : _bmarabum puthumaiyum |
|
| 260 |
_aBangalore _bKaavya _c1996 |
||
| 300 | _a216 p ., | ||
| 500 | _aA Collection of Articles | ||
| 700 |
_aGnanasekaran, T . _eedt |
||
| 942 | _cL | ||
| 999 |
_c3784 _d3784 |
||